Normal view
MARC view
Entry Personal Name
001 - CONTROL NUMBER
- control field: 10598
003 - CONTROL NUMBER IDENTIFIER
- control field: ARRUPE
005 - DATE AND TIME OF LATEST TRANSACTION
- control field: 20140605143606.0
008 - FIXED-LENGTH DATA ELEMENTS
- fixed length control field: 140605|| aca||aabn | a|a d
040 ## - CATALOGING SOURCE
- Original cataloging agency: ARRUPE
- Transcribing agency: ARRUPE
100 ## - HEADING--PERSONAL NAME
- Personal name: Gordon, Peter et al...
670 ## - SOURCE DATA FOUND
- Source citation: Work cat.: (ARRUPE): Gordon, Peter et al..., Is Teaching a Profession, 1983